ბათუმის შოთა რუსთაველის სახელმწიფო უნივერსიტეტის ბიბლიოთეკა

შესავალი იურიდიულ სპეციალობაში:[იურიდიული განათლება] (ბიბ.ჩანაწერი № 43994)

000 -LEADER
fixed length control field 01056nam a2200265Ia 4500
001 - CONTROL NUMBER
control field 10744
003 - CONTROL NUMBER IDENTIFIER
control field GE_BSU
008 - FIXED-LENGTH DATA ELEMENTS--GENERAL INFORMATION
fixed length control field 181216s||||||||xx |||||||||||||| ||und||
020 ## - INTERNATIONAL STANDARD BOOK NUMBER
International Standard Book Number 9994046780
040 ## - CATALOGING SOURCE
Transcribing agency GE_BSU
080 ## - UNIVERSAL DECIMAL CLASSIFICATION NUMBER
Universal Decimal Classification number 340.1(075.8)
100 ## - MAIN ENTRY--PERSONAL NAME
Personal name ფაფიაშვილი,შოთა;
245 ## - TITLE STATEMENT
Title შესავალი იურიდიულ სპეციალობაში:[იურიდიული განათლება]
245 ## - TITLE STATEMENT
Remainder of title სახელმძღვ.იურიდ.ფაკ.სტუდ.
245 ## - TITLE STATEMENT
Statement of responsibility, etc. რედ.შ.ფიცხელაური.
260 ## - PUBLICATION, DISTRIBUTION, ETC.
Place of publication, distribution, etc. თბილისი.
260 ## - PUBLICATION, DISTRIBUTION, ETC.
Name of publisher, distributor, etc. მერიდიანი.
260 ## - PUBLICATION, DISTRIBUTION, ETC.
Date of publication, distribution, etc. 2006.
300 ## - PHYSICAL DESCRIPTION
Extent 307გვ;20სმ.
300 ## - PHYSICAL DESCRIPTION
Accompanying material ფოტ;ბიბლიოგრ:გვ.292–297.
653 ## - INDEX TERM--UNCONTROLLED
Uncontrolled term სამართალი
653 ## - INDEX TERM--UNCONTROLLED
Uncontrolled term შესავალი იურიდიულ სპეციალობაში:[იურიდიული განათლება]
942 ## - ADDED ENTRY ELEMENTS (KOHA)
Koha item type წიგნი
ეგზემპლარები
Withdrawn status Lost status Damaged status Not for loan Date acquired Barcode Date last seen Price effective from Koha item type
        2018-12-17 35114 2018-12-17 2018-12-17 წიგნი
        2018-12-17 35115 2018-12-17 2018-12-17 წიგნი
        2018-12-17 35116 2018-12-17 2018-12-17 წიგნი